000 00312cam a22001217a 4500
008 180718b1956 xxu||||| |||| 00| 0 eng d
082 _aT16x73 P126
100 _aPackel, Israel
245 _aThe law of cooperatives
_cby Israel Packel
260 _aNew York
_bMatthew
_c1956
300 _axii,436p.
650 _aLaw
999 _c435207
_d435207